Rude Boy - Rihanna - All Lyrics - Statistics

General Stats
  • This quiz has been taken 245 times
  • The average score is 517 of 604
Answer Stats
Answer % Correct
boy,
100%
Boy,
100%
rude
99%
it
98%
I
97%
it
97%
it,
97%
it?
97%
it)
97%
ya
97%
you
97%
You
97%
Come
96%
me,
96%
me
96%
me)
96%
Nah,
96%
nah-ah
96%
Take
94%
take
94%
(Take
94%
Giddy-up,
93%
giddy-up,
93%
up?
93%
up,
93%
up
93%
(Oh
92%
can
91%
get
89%
love
89%
Love
89%
(Love
89%
to
89%
a
87%
the
87%
on,
86%
babe
85%
Babe,
85%
baby,
85%
baby
85%
(Yeah),
84%
(Yeah)
84%
yeah
84%
yeah,
84%
Yeah,
84%
Give
82%
give
82%
I'ma
82%
like
81%
Like
81%
when
81%
let
80%
is
79%
Tonight,
79%
be
78%
here,
76%
here
76%
want,
76%
want
76%
do
75%
Do
75%
What
75%
what
75%
whatchu
75%
no,
71%
no
71%
no)
71%
enough?
70%
big
67%
we
67%
captain
66%
go
66%
my
66%
your
66%
there
65%
there’
65%
way
65%
boom,
64%
boom
64%
now
63%
touch
61%
thing,
60%
hair
58%
higher
58%
ride
58%
pull
54%
right
54%
got
53%
could
52%
little
50%
and
49%
out
49%
So
49%
down
47%
'kiss
47%
tell
47%
harder
46%
If
46%
if
46%
show
46%
ain't
44%
put
44%
feel
43%
body
42%
crazy,
42%
'move
42%
don't
41%
longer
41%
faking,
40%
fire
40%
how
40%
stronger
40%
time
40%
wanna
39%
say
37%
need
36%
turn
35%
Hands
33%
Relax,
28%
Buckle
21%
No matching quizzes found
Score Distribution
Percent of People with Each Score
Percentile by Number Answered
Your Score History
You have not taken this quiz